| 000 | 00829cam a22002531 4500 | ||
|---|---|---|---|
| 001 | sa 68003663 | ||
| 003 | DLC | ||
| 005 | 20260227112455.0 | ||
| 008 | 710903m19649999ii a 000 0 eng | ||
| 010 | _asa 68003663 | ||
| 025 | _aPL480:I-E-9533 | ||
| 040 |
_aDLC _cDLC _dDLC |
||
| 043 | _aa-ii--- | ||
| 050 | 0 | 0 |
_aQK358 _b.R87 |
| 100 | 1 |
_aRoxburgh, William, _d1751-1815. |
|
| 245 | 1 | 0 |
_aIcones Roxburghianae; _bor, Drawings of Indian plants. |
| 260 |
_aCalcutta, _bBotanical Survey of India, _c1964- |
||
| 300 |
_av. (chiefly col. illus.) _c37 cm. |
||
| 350 |
_aRs8.75 _a$3.15 |
||
| 500 | _a"Part of a ... collection of water-colour drawings preserved in the Indian Botanic Garden, Calcutta." | ||
| 650 | 0 |
_aPlants _zIndia _vPictorial works. |
|
| 710 | 2 | _aBotanical Survey of India. | |
| 740 | 0 | _aDrawings of Indian plants. | |
| 999 |
_c79660 _d79660 |
||